Exportação concluída — 

September 11 and political freedom: Asian perspectives

Spremljeno u:
Bibliografski detalji
Format: Knjiga
Jezik:Undetermined
Izdano: Singapore Select Publishing 2003
Teme:
Oznake: Dodaj oznaku
Bez oznaka, Budi prvi tko označuje ovaj zapis!
Thư viện lưu trữ: Trung tâm Học liệu Trường Đại học Cần Thơ
LEADER 00582nam a2200181Ia 4500
001 CTU_54958
008 210402s9999 xx 000 0 und d
082 |a 320.95 
082 |b S479 
245 0 |a September 11 and political freedom: Asian perspectives 
245 0 |c Edited by Uwe Johannen, Alan Smith, James Gomez 
260 |a Singapore 
260 |b Select Publishing 
260 |c 2003 
650 |a september 11 terrorist attacks, 2001,terorism,democracy,asia 
650 |x politics and government 
650 |z asia 
980 |a Trung tâm Học liệu Trường Đại học Cần Thơ